000 00275nam a22001217a 4500
003 SGT
082 _a616.024
_bI14B
100 _aBERSTEN, ANDREW D.
245 _aICU OHS INTENSIVE CARE MANUAL
260 _aINDIA
_bBUTTERWORTH
_c2014
300 _a1242
942 _2ddc
_cBK
_01
999 _c14817
_d14817